000 00360nam a2200133Ia 4500
008 191201s2019 xx 000 0 und d
082 _a547 BOP
100 _aBothara,K.G
245 0 _aPharmaceutical Organic Chemistry-I Sem.II
260 _bNirali Prakashan
_aNew Delhi
_c2019
300 _a5.16
650 _aPharmaceutical Organic Chemistry
942 _2ddc
_cBK
999 _c8343
_d8343